|
|
|
|
| LEADER |
00000cam a2200000 i 4500 |
| 001 |
1/6722 |
| 008 |
960712s1983 gr | ||| |||| ||gre|| |
| 035 |
|
|
|l 10016454
|
| 040 |
|
|
|a GR-MY-UA
|b gre
|e aacr
|
| 041 |
0 |
|
|a gre
|
| 082 |
7 |
|
|a 938.57
|2 (22)
|
| 100 |
1 |
|
|a Παπαδόπουλος, Στέφανος Ι.,
|d 1929-1992.
|
| 245 |
1 |
2 |
|a Ιστορία της νεωτέρας Ελλάδος /
|c Στέφανου Ι. Παπαδόπουλου.
|
| 260 |
|
|
|a Ιωάννινα :
|b [χ.ό.] ;
|c 1983.
|
| 300 |
|
|
|a 115 σ. ;
|c 24 εκ.
|
| 500 |
|
|
|a Πανεπιστημιακές εκδόσεις.
|
| 505 |
8 |
|
|a T. A. H "ελληνική πολιτεία" : 1828-1832.
|
| 651 |
|
0 |
|a Greece
|x History
|y 1821-
|
| 651 |
|
0 |
|a Greece
|x History
|x Study and teaching.
|
| 740 |
3 |
|
|a H "ελληνική πολιτεία" : 1828-1832.
|
| 852 |
|
|
|a INST
|b LESVOS
|e 19960712
|h 938.57 ΠΑΠ
|p 005100017073
|q 005100017073
|t BK
|y 0
|z τ.1
|
| 852 |
|
|
|a INST
|b LESVOS
|e 19960712
|h 938.57 ΠΑΠ
|p 005100017073
|q 005100017073
|t BK
|v τ.1:
|y 0
|z τ.1
|
| 853 |
|
|
|a INST
|b LESVOS
|h 938.57 ΠΑΠ
|
| 922 |
|
|
|a 1ΕΛΗ
|b 199501
|
| 970 |
|
|
|z 1996/07
|